书目信息 |
| 题名: |
史记赏析
|
|
| 作者: | 范培育 , 范培育 选评 | |
| 分册: | ||
| 出版信息: | 上海 上海远东出版社 2005 |
|
| 页数: | 436页 | |
| 开本: | 20cm | |
| 丛书名: | 中华文化经典赏析丛书 | |
| 单 册: | ||
| 中图分类: | K204.2-49 | |
| 科图分类: | ||
| 主题词: | 中国--古代史--纪传体--青少年读物 | |
| 电子资源: | ||
| ISBN: | 7-80706-096-4 | |
| 000 | 01206nam0 2200349 450 | |
| 000 | 01169nam0 2200337 450 | |
| 000 | 01126nam0 2200325 450 | |
| 000 | 01072nam0 2200301 450 | |
| 000 | 01112nam0 2200289 450 | |
| 000 | 01075nam0 2200277 45 | |
| 001 | TS2006038174 | |
| 005 | 20070111093933.39 | |
| 010 | @a7-80706-096-4@dCNY22.00 | |
| 100 | @a20060829d2005 em y0chiy0120 ea | |
| 101 | 0 | @achi |
| 102 | @aCN@b310000 | |
| 105 | @ay z 000yy | |
| 200 | 1 | @a史记赏析@Ashi ji shang xi@f范培育, 立金超选评@FFan Pei Yu , Li Jin Chao Xuan Ping |
| 210 | @a上海@c上海远东出版社@d2005 | |
| 215 | @a436页@d20cm | |
| 225 | 2 | @a中华文化经典赏析丛书@i学生版 |
| 330 | @a本书共分五十八篇,主要包括秦始皇本纪,晋世家,赵世家,老子韩非子列传,李斯列传,季布栾布列传,太史公自序等。 | |
| 410 | 0 | @12001 @a中华文化经典赏析丛书 |
| 410 | 0 | @12001 @a学生版 |
| 606 | 0 | @a中国@x古代史@x纪传体@x青少年读物 |
| 690 | @aK204.2-49@v4 | |
| 701 | 0 | @a范培育@AFan Pei Yu@4选评 |
| 701 | 0 | @a范培育@AFan Pei Yu@4选评 |
| 801 | 0 | @aCN@b中图数据@c20070111 |
| 905 | @a10447@dK204.2-49@e104 | |
| 史记赏析/范培育, 立金超选评.-上海:上海远东出版社,2005 |
| 436页;20cm.-(中华文化经典赏析丛书.学生版) |
| ISBN 7-80706-096-4:CNY22.00 |
| 本书共分五十八篇,主要包括秦始皇本纪,晋世家,赵世家,老子韩非子列传,李斯列传,季布栾布列传,太史公自序等。 |
| ● |
| 相关链接 |
|
|
|
|
正题名:史记赏析
索取号:K204.2-49/104
 
预约/预借
| 序号 | 登录号 | 条形码 | 馆藏地/架位号 | 状态 | 备注 |
| 1 | 0613255 | 206132558 | 第二样本阅览室/ [索取号:K204.2-49/104] | 在馆 | |
| 2 | 0613256 | 206132567 | 第二借阅区/ [索取号:K204.2-49/104] | 在馆 | |
| 3 | 0613257 | 206132576 | 第二借阅区/ [索取号:K204.2-49/104] | 在馆 | |
| 4 | 0613258 | 206132585 | 第二借阅区/ [索取号:K204.2-49/104] | 在馆 | |
| 5 | 0613259 | 206132594 | 第二借阅区/ [索取号:K204.2-49/104] | 在馆 | |
| 6 | 0613260 | 206132601 | 第二借阅区/ [索取号:K204.2-49/104] | 在馆 | |
| 7 | 0613261 | 206132610 | 第二借阅区/ [索取号:K204.2-49/104] | 在馆 |